The Bible and the Church, Which came first? / (Record no. 5784)

MARC details
000 -LEADER
fixed length control field 00529nam a22001817a 4500
003 - CONTROL NUMBER IDENTIFIER
control field GBCCL
005 - DATE AND TIME OF LATEST TRANSACTION
control field 20241126110549.0
008 - FIXED-LENGTH DATA ELEMENTS--GENERAL INFORMATION
fixed length control field 180406b ||||| |||| 00| 0 eng d
040 ## - CATALOGING SOURCE
Transcribing agency gbc
082 ## - DEWEY DECIMAL CLASSIFICATION NUMBER
Classification number 220.13
Item number PRI
100 ## - MAIN ENTRY--PERSONAL NAME
Personal name Price, Oliver W.
9 (RLIN) 10476
245 ## - TITLE STATEMENT
Title The Bible and the Church, Which came first? /
Statement of responsibility, etc. Oliver W. Price
260 ## - PUBLICATION, DISTRIBUTION, ETC.
Place of publication, distribution, etc. Ohio:
Name of publisher, distributor, etc. Dunham Publishing Company,
Date of publication, distribution, etc. 1957
300 ## - PHYSICAL DESCRIPTION
Extent 112 p.;
Dimensions 19 cm.
650 ## - SUBJECT ADDED ENTRY--TOPICAL TERM
Topical term or geographic name entry element Bible
Form subdivision Evidence, authority, etc.
9 (RLIN) 10477
650 ## - SUBJECT ADDED ENTRY--TOPICAL TERM
Topical term or geographic name entry element Bible
Chronological subdivision History
9 (RLIN) 10478
942 ## - ADDED ENTRY ELEMENTS (KOHA)
Source of classification or shelving scheme Dewey Decimal Classification
Koha item type Books
Koha issues (borrowed), all copies 1
Holdings
Withdrawn status Lost status Source of classification or shelving scheme Damaged status Not for loan Home library Current Library Shelving location Date acquired Total checkouts Full call number Barcode Date last seen Date last checked out Copy number Price effective from Koha item type
    Dewey Decimal Classification     GRACE BIBLE COLLEGE GRACE BIBLE COLLEGE Biblical Studies 2018-04-06 1 220.13 PRI 013358 2025-05-01 2022-07-01 c.1 2018-04-06 Books
© Grace Bible College Library 2025